Largest Japanese Islands - Statistics

General Stats
  • This quiz has been taken 286 times
  • The average score is 5 of 10
Answer Stats
Size (Square Kilometers) Island % Correct
225,800 Honshu
93%
83,423 Hokkaido
90%
36,782 Kyushu
72%
1,206 Okinawa
72%
18,297 Shikoku
60%
708 Tsushima Island
20%
854 Sado Island
16%
712 Amami Oshima
13%
592 Awaji Island
13%
574 Shimoshima Island
4%
No matching quizzes found
Score Distribution
Percent of People with Each Score
Percentile by Number Answered
Your Score History
You have not taken this quiz